| 000 | 00726nam a2200181 a 4500 | ||
|---|---|---|---|
| 008 | 081027s1995 ||||||||||||||||| || u | ||
| 050 | _aIBRD(08) | ||
| 100 | _aKimberley, Paul | ||
| 245 | 1 | 0 |
_aInformation technology and national trade facilitation: guide to best practice _cRobert Schware; Paul Kimberley |
| 260 |
_aWashington, D. C. _bWorld Bank _c1995 |
||
| 300 | _axii, 132p. :ill. | ||
| 350 | _a0.00 | ||
| 490 | _aWorld Bank Technical Papers | ||
| 650 | _aINFORMATION TECHNOLOGY--RESEARCH | ||
| 700 | _aSchware, Robert | ||
| 710 | _aThe Worl Bank | ||
| 995 |
_D0.00 _FCBU-MAIN LIBRARY (Kitwe) _H1 _I0.00 _M1 _UAVAILABLE _WOct 27, 2008 _ZInternational Publications |
||
| 999 |
_c46928 _d46928 |
||